[Event "Olympiad Women-42"]
[Site "Baku"]
[Date "2016.09.12"]
[Round "10.4"]
[White "Odinaeva, Saodat"]
[Black "Manova, Ivana"]
[Result "0-1"]
[WhiteElo "1881"]
[BlackElo "1724"]
[PlyCount "42"]
[EventDate "2016.09.02"]
[EventType "team-swiss"]
[EventRounds "11"]
[EventCountry "AZE"]
[SourceTitle "CBM 174 Extra"]
[Source "ChessBase"]
[SourceDate "2016.10.10"]
[SourceVersion "1"]
[SourceVersionDate "2016.10.10"]
[SourceQuality "1"]
[WhiteTeam "Tajikistan (W)"]
[BlackTeam "Macedonia (W)"]
[WhiteTeamCountry "TJK"]
[BlackTeamCountry "MKD"]

1. Nf3 Nf6 2. d4 c5 3. e3 e6 4. c4 d5 5. Nc3 Nc6 6. Be2 dxc4 7. Bxc4 cxd4 8. exd4 Be7 9. 0-0 0-0 10. h3 b6 11. Be3 Bb7 12. a3 Rc8 13. Bd3 Nd5 14. Re1 Na5 15. Ne4 f5 16. Bd2 fxe4 17. Bxe4 Nc4 18. Ne5 Nxe5 19. dxe5 Bc5 20. Qh5 Bxf2+ 21. Kh1 Qh4 0-1

[Event "Olympiad Women-41"]
[Site "Tromsoe"]
[Date "2014.08.14"]
[Round "11.4"]
[White "Odinaeva, Saodat"]
[Black "Coro, Soledad"]
[Result "1/2-1/2"]
[WhiteElo "1785"]
[BlackElo "1839"]
[PlyCount "60"]
[EventDate "2014.08.02"]
[EventType "team-swiss"]
[EventRounds "11"]
[EventCountry "NOR"]
[SourceTitle "CBM 162"]
[Source "ChessBase"]
[SourceDate "2014.09.17"]
[SourceVersion "1"]
[SourceVersionDate "2014.09.17"]
[SourceQuality "1"]
[WhiteTeam "Tajikistan (W)"]
[BlackTeam "Bolivia (W)"]
[WhiteTeamCountry "TJK"]
[BlackTeamCountry "BOL"]

1. Nf3 c5 2. c4 Nf6 3. Nc3 g6 4. g3 Bg7 5. Bg2 0-0 6. 0-0 d6 7. b3 Nc6 8. Bb2 a6 9. a3 Rb8 10. a4 e5 11. d3 h6 12. Nd5 Nxd5 13. cxd5 Ne7 14. Nd2 g5 15. e4 Ng6 16. Nc4 a5 17. Ne3 Ne7 18. Bc3 b6 19. Ra2 Ng6 20. Ba1 Rb7 21. Nf5 Qf6 22. Ne3 Qd8 23. Qe2 Kh7 24. Nf5 Qf6 25. Ne3 Qd8 26. Nf5 Qf6 27. Ne3 Qd8 28. Nf5 Qf6 29. Ne3 Qd8 30. Nf5 Qf6 1/2-1/2

[Event "Olympiad Women-41"]
[Site "Tromsoe"]
[Date "2014.08.12"]
[Round "10.4"]
[White "Azhar, Puteri Rifqah Fahad"]
[Black "Odinaeva, Saodat"]
[Result "1-0"]
[WhiteElo "1860"]
[BlackElo "1785"]
[PlyCount "109"]
[EventDate "2014.08.02"]
[EventType "team-swiss"]
[EventRounds "11"]
[EventCountry "NOR"]
[SourceTitle "CBM 162"]
[Source "ChessBase"]
[SourceDate "2014.09.17"]
[SourceVersion "1"]
[SourceVersionDate "2014.09.17"]
[SourceQuality "1"]
[WhiteTeam "Malaysia (W)"]
[BlackTeam "Tajikistan (W)"]
[WhiteTeamCountry "MAS"]
[BlackTeamCountry "TJK"]

1. d4 d5 2. Nf3 Nf6 3. Bf4 e6 4. e3 c5 5. c3 Nc6 6. Nbd2 Bd6 7. Bg5 h6 8. Bh4 Be7 9. Bd3 0-0 10. 0-0 b6 11. Ne5 Bb7 12. f4 Rc8 13. h3 cxd4 14. exd4 a6 15. Qe2 b5 16. a4 b4 17. Bxa6 Bxa6 18. Qxa6 Nb8 19. Qd3 bxc3 20. bxc3 Qa5 21. Rfc1 Rc7 22. Nb3 Qa7 23. Bxf6 Bxf6 24. Ng4 Be7 25. Qg3 Kh8 26. Ne5 Nd7 27. Nxd7 Rxd7 28. Qd3 Rc8 29. a5 Rdc7 30. a6 Rc6 31. Ra4 Rc4 32. Ra2 R8c6 33. Nd2 Rxd4 34. cxd4 Rxc1+ 35. Kh2 Bd6 36. g3 Rc7 37. Rb2 Rc6 38. Ra2 Rb6 39. Nb3 Rc6 40. Na1 Bb8 41. Nc2 Rc4 42. Qb3 Qc7 43. Na3 Rc6 44. Nb5 Qb6 45. a7 Bxa7 46. Rxa7 Rc8 47. Qd3 Rb8 48. Rxf7 Qxb5 49. Rf8+ Rxf8 50. Qxb5 Kh7 51. Qd7 Rf6 52. Qe8 Rg6 53. h4 Rf6 54. Kh3 Rg6 55. h5 1-0

[Event "Olympiad Women-41"]
[Site "Tromsoe"]
[Date "2014.08.02"]
[Round "1.4"]
[White "Odinaeva, Saodat"]
[Black "Muhren, Bianca"]
[Result "0-1"]
[WhiteElo "1785"]
[BlackElo "2314"]
[PlyCount "138"]
[EventDate "2014.08.02"]
[EventType "team-swiss"]
[EventRounds "11"]
[EventCountry "NOR"]
[SourceTitle "CBM 162"]
[Source "ChessBase"]
[SourceDate "2014.09.17"]
[SourceVersion "1"]
[SourceVersionDate "2014.09.17"]
[SourceQuality "1"]
[WhiteTeam "Tajikistan (W)"]
[BlackTeam "Netherlands (W)"]
[WhiteTeamCountry "TJK"]
[BlackTeamCountry "NED"]

1. Nf3 d5 2. d4 Nf6 3. e3 c5 4. c4 dxc4 5. Bxc4 e6 6. Nc3 a6 7. a4 Nc6 8. 0-0 Be7 9. b3 0-0 10. Bb2 Qc7 11. Qc2 b6 12. Rad1 Bb7 13. Rfe1 Rad8 14. Qe2 Nb4 15. Ne5 Bd6 16. f4 cxd4 17. exd4 Nbd5 18. Nxd5 Nxd5 19. Qg4 Bb4 20. Re2 Bc3 21. Ba3 Nf6 22. Qg3 Bxd4+ 23. Rxd4 Rxd4 24. Bxf8 Kxf8 25. Re1 Rd2 26. Bf1 Qc5+ 27. Qe3 Qxe3+ 28. Rxe3 Nd5 29. Rd3 Rc2 30. g3 Ke7 31. Nc4 a5 32. h3 Ba6 33. Rf3 Rc1 34. Kg2 Bb7 35. Kg1 f6 36. Nd2 Nb4 37. Re3 Bd5 38. Kf2 Rc2 39. Ke2 Na2 40. Kd1 Rc1+ 41. Ke2 Nc3+ 42. Kd3 Nb1 43. Be2 Rc3+ 44. Kd4 Rxe3 45. Kxe3 Nxd2 46. Kxd2 Bxb3 47. Bb5 Kd6 48. Kc3 Bd1 49. Kd4 h6 50. h4 e5+ 51. Ke4 Bc2+ 52. Ke3 Kc5 53. Kd2 Be4 54. Ke3 Bc6 55. Bxc6 Kxc6 56. Ke4 b5 57. axb5+ Kxb5 58. fxe5 fxe5 59. Kxe5 a4 60. Kf5 a3 61. Kg6 a2 62. Kxg7 a1Q+ 63. Kxh6 Kc6 64. g4 Qf6+ 65. Kh5 Kd7 66. g5 Qf4 67. Kg6 Qxh4 68. Kf6 Ke8 69. Kf5 Kf7 0-1

[Event "Olympiad Women-40"]
[Site "Istanbul"]
[Date "2012.09.07"]
[Round "10.3"]
[White "Odinaeva, Saodat"]
[Black "Aybar Portes, Omayra"]
[Result "1-0"]
[WhiteElo "1741"]
[BlackElo "1844"]
[PlyCount "95"]
[EventDate "2012.08.28"]
[EventType "team-swiss"]
[EventRounds "11"]
[EventCountry "TUR"]
[SourceTitle "CBM 150 Extra"]
[Source "ChessBase"]
[SourceDate "2012.10.19"]
[SourceVersion "1"]
[SourceVersionDate "2012.10.19"]
[SourceQuality "1"]
[WhiteTeam "Tajikistan (W)"]
[BlackTeam "Dominican Rep (W)"]
[WhiteTeamCountry "TJK"]
[BlackTeamCountry "DOM"]

1. d4 Nf6 2. Nf3 e6 3. c4 c5 4. e3 Qc7 5. Nc3 a6 6. Be2 Be7 7. 0-0 0-0 8. b3 d6 9. Bb2 Nbd7 10. Qc2 b6 11. Rfd1 Bb7 12. d5 exd5 13. cxd5 Rfe8 14. e4 Bf8 15. a4 g6 16. Nd2 Bg7 17. f4 Rad8 18. Rf1 Rf8 19. Rae1 Rde8 20. g4 Kh8 21. Qd3 Ng8 22. Qh3 Bc8 23. Qh4 f6 24. Bd3 Ne7 25. Rf3 Rf7 26. Rh3 Nf8 27. Nf3 Qd7 28. Rg3 Kg8 29. Kh1 Bb7 30. Nd1 b5 31. axb5 axb5 32. Ne3 Ra8 33. Reg1 Qe8 34. R3g2 Nc8 35. Qg3 Nb6 36. f5 Rd7 37. fxg6 Qxg6 38. Nh4 Qf7 39. Bxb5 Re7 40. Bd3 Nbd7 41. Nhf5 Ne5 42. Nxe7+ Qxe7 43. Nf5 Qd8 44. Bb1 Nfg6 45. h4 Kf7 46. h5 Ne7 47. Nxg7 Kxg7 48. g5 1-0

[Event "Olympiad Women-40"]
[Site "Istanbul"]
[Date "2012.09.05"]
[Round "8.4"]
[White "Odinaeva, Saodat"]
[Black "Chevannes, Sabrina"]
[Result "0-1"]
[WhiteElo "1741"]
[BlackElo "2090"]
[PlyCount "98"]
[EventDate "2012.08.28"]
[EventType "team-swiss"]
[EventRounds "11"]
[EventCountry "TUR"]
[SourceTitle "CBM 150 Extra"]
[Source "ChessBase"]
[SourceDate "2012.10.19"]
[SourceVersion "1"]
[SourceVersionDate "2012.10.19"]
[SourceQuality "1"]
[WhiteTeam "Tajikistan (W)"]
[BlackTeam "England (W)"]
[WhiteTeamCountry "TJK"]
[BlackTeamCountry "ENG"]

1. d4 d5 2. Nf3 Nf6 3. g3 c5 4. c3 cxd4 5. cxd4 Nc6 6. Nc3 Qb6 7. Bg2 Bg4 8. e3 e6 9. 0-0 Bd6 10. a3 0-0 11. b4 Qd8 12. Bb2 Ne4 13. Ne2 Qf6 14. Ne1 Bxe2 15. Qxe2 Qh6 16. Nd3 f5 17. Rac1 Rac8 18. Rc2 g5 19. f4 Ne7 20. Nc5 b6 21. Nd7 Rxc2 22. Qxc2 Rc8 23. Qd3 Rc7 24. Ne5 g4 25. Rc1 Rxc1+ 26. Bxc1 Qf8 27. Qc2 Qe8 28. Bb2 Bb8 29. Bf1 h5 30. a4 Nd6 31. b5 Ne4 32. Ba3 Bxe5 33. fxe5 h4 34. gxh4 Ng6 35. h5 Nh4 36. Bg2 Nf3+ 37. Bxf3 gxf3 38. Qc6 Qf7 39. Qc8+ Kg7 40. h6+ Kh7 41. Kf1 Qg6 42. Qd7+ Kxh6 43. Bf8+ Kh5 44. Qg7 Qxg7 45. Bxg7 Kh4 46. Bf8 Kh3 47. Kg1 f2+ 48. Kf1 Kxh2 49. Bb4 Kg3 0-1

[Event "Olympiad Women-40"]
[Site "Istanbul"]
[Date "2012.09.04"]
[Round "7.4"]
[White "Odinaeva, Saodat"]
[Black "Perez, Dalila"]
[Result "1-0"]
[WhiteElo "1741"]
[BlackElo "1760"]
[PlyCount "123"]
[EventDate "2012.08.28"]
[EventType "team-swiss"]
[EventRounds "11"]
[EventCountry "TUR"]
[SourceTitle "CBM 150 Extra"]
[Source "ChessBase"]
[SourceDate "2012.10.19"]
[SourceVersion "1"]
[SourceVersionDate "2012.10.19"]
[SourceQuality "1"]
[WhiteTeam "Tajikistan (W)"]
[BlackTeam "Paraguay (W)"]
[WhiteTeamCountry "TJK"]
[BlackTeamCountry "PAR"]

1. d4 d5 2. Nf3 Nf6 3. g3 Bf5 4. Bg2 h6 5. 0-0 e6 6. b3 Nbd7 7. Bb2 c5 8. Nbd2 Rc8 9. c4 Be7 10. Rc1 0-0 11. Re1 Ne4 12. a3 Qb6 13. e3 a5 14. h3 Ndf6 15. Nxe4 Bxe4 16. Nd2 Bxg2 17. Kxg2 Rfd8 18. Qc2 dxc4 19. bxc4 Qc6+ 20. Kg1 Nh7 21. Ne4 Ng5 22. Nxg5 Bxg5 23. h4 Be7 24. Red1 b6 25. Qc3 Bf6 26. Qc2 Qf3 27. Rd3 Qg4 28. Qd1 Qe4 29. Qd2 Rd6 30. Qd1 Rcd8 31. f3 Qb7 32. Kg2 Qe7 33. Rc2 e5 34. d5 e4 35. Rdd2 Bxb2 36. Rxb2 exf3+ 37. Qxf3 Rf6 38. Qe2 Qe4+ 39. Kh2 Rdd6 40. Qd3 Qe5 41. e4 g5 42. Kh3 Rg6 43. Rg2 Qe7 44. Rbf2 Kf8 45. Qe3 Rdf6 46. e5 Qd7+ 47. Kh2 Rxf2 48. Qxf2 Kg8 49. h5 Rg7 50. g4 Qa4 51. d6 f5 52. gxf5 Qxc4 53. e6 Qd5 54. d7 g4 55. Qf4 Rg5 56. Rxg4 Rxg4 57. Qxg4+ Kf8 58. f6 Qd2+ 59. Kh3 Qc3+ 60. Qg3 Qxf6 61. Qb8+ Kg7 62. d8Q 1-0

[Event "Olympiad Women-38"]
[Site "Dresden"]
[Date "2008.11.13"]
[Round "1"]
[White "Avelar, Gabriela"]
[Black "Odinaeva, Saodat"]
[Result "0-1"]
[WhiteElo "2045"]
[BlackElo "1765"]
[PlyCount "84"]
[EventDate "2008.11.13"]
[EventType "team-swiss"]
[EventRounds "11"]
[EventCountry "GER"]
[SourceTitle "CBM 128"]
[Source "ChessBase"]
[SourceDate "2009.01.28"]
[SourceVersion "1"]
[SourceVersionDate "2009.01.28"]
[SourceQuality "1"]
[WhiteTeam "El Salvador (W)"]
[BlackTeam "Tajikistan (W)"]
[WhiteTeamCountry "ESA"]
[BlackTeamCountry "TJK"]

1. e4 e6 2. d4 d5 3. e5 c5 4. c3 Nc6 5. Nf3 Nge7 6. Bd3 Qb6 7. Bc2 Nf5 8. dxc5 Bxc5 9. 0-0 a5 10. Bxf5 exf5 11. Qxd5 Be6 12. Qd3 Rd8 13. Qe2 0-0 14. b3 Rfe8 15. Nbd2 Bd5 16. Bb2 Ne7 17. c4 Be6 18. Ng5 Ng6 19. Nxe6 Rxe6 20. Nf3 Nf4 21. Qc2 Rg6 22. Qxf5 Nxg2 23. Ng5 Nh4 24. Qxf7+ Kh8 25. Qf4 Rxg5+ 26. Kh1 Qc6+ 27. f3 Rh5 28. Qg4 Qg6 29. Rad1 Rf8 30. Qxg6 Nxg6 31. Rd7 b6 32. e6 Ne7 33. f4 Rhf5 34. Be5 Rxe5 35. fxe5 Rxf1+ 36. Kg2 Rf8 37. Rb7 h6 38. a3 Rf5 39. b4 axb4 40. axb4 Bxb4 41. Rxb6 Bc5 42. Rb5 Rxe5 0-1